LEADER 01073nam a2200277 i 4500 001 000000193156 003 CaOOAMICUS 005 20260330154255.0 008 101013s1996 it u000 u ita u 020 $a978-88-15-08837-6 040 $aSeMil$bita 100 1 $aReboul, Olivier,$d<1925-1992>.$0(OLS)http://semarc/name/52089 240 10$aIntroduction a la rhetorique.$0(OLS)http://semarc/title/278445 245 10$aIntroduzione alla retorica /$cOlivier Reboul. 264 1$aBologna :$bIl Mulino,$c1996. 300 $a269 p. ;$c24 cm. 490 1 $aManuali 650 4$aRetorica.$0(OLS)http://semarc/subject/2202 830 0$aManuali.$0(OLS)http://semarc/title/660 850 $aSeMil 852 $aSeMil$W1$xVenegono$y1$m1P IV 4$j269376$B143730$CSeMilBibl$Z2$F156453 $81 961 $aOmaggio: Bressan don Luca 996 $6020$a978-88-15-08837-6$9(OLS)http://semarc/number/184510 996 $6245$aIntroduzione alla retorica$9(OLS)http://semarc/title/278444 996 $6264$aBologna :$bIl Mulino$9(OLS)http://semarc/publisher/29842 LEADER 01068nam a2200241 i 4500 001 000000060608 003 CaOOAMICUS 005 20140512000000.0 008 140512s1967 xx u000 u ger u 013 $a31780 040 $aSeMil$bita 100 1 $aGäumann, Niklaus.$0(OLS)http://semarc/name/30819 245 10$aTaufe und Ethik :$bStudien zu Römer 6 /$cNiklaus Gäumann. 260 $aMünchen :$bChr. Kaiser,$c1967. 300 $a178 p. ;$c23 cm. 490 0 $aBeiträge zur evangelischen Theologie : theologische Abhandlungen ;$v47 650 4$aBattesimo - Teologia sistematica.$0(OLS)http://semarc/subject/4463 650 4$aBibbia - NT - Lettere ai Romani 6.$0(OLS)http://semarc/subject/12093 830 0$aBeiträge zur evangelischen Theologie ;$v47.$0(OLS)http://semarc/title/8759 850 $aSeMil 852 $aSeMil$W1$xVenegono$y1$m2K III 201$j26761$B26761$CSeMilBibl$Z2$F26764 $81 996 $6245$aTaufe und Ethik :$bStudien zu Römer 6$9(OLS)http://semarc/title/95037 996 $6260$aMünchen :$bChr. Kaiser$9(OLS)http://semarc/publisher/29737